000 00399 a2200145 4500
020 _a0006162630
040 _aDLC
_bDLC
082 _a823.912
100 _aChristie, Agatha.
245 _aSparkling Cyanide
_cAgatha Christie
260 _aLondon:
_bHarper Collins Publishers,
_c1960.
300 _a238 p. ;
_c19 cm.
650 _a1.Luxembourg--Fiction.2. Mystery fiction.
942 _cBK
_k823.912 CHR
_2ddc
999 _c4930
_d4930